| 000 | 01323nam2a22003251 4500 | ||
|---|---|---|---|
| 001 | v19\rc\1611001 | ||
| 005 | 20250618224048.0 | ||
| 035 | _a(NLR Aleph) 004731428 | ||
| 090 |
_a4446910 _c4446910 |
||
| 100 | _a20061002d1901 |||y0rusy50 ca | ||
| 101 | 0 | _arus | |
| 102 | _aRU | ||
| 105 | _ay z ||||| | ||
| 200 | 0 | _a[Разделы] Г - Ж - О | |
| 210 |
_d1901 _aБ. м. |
||
| 215 | _a[2], 42, 35, 45 с. | ||
| 461 | 0 |
_1001v19\rc\1611000 _12001#$aКаталог Библиотеки Имп. С.-Петербургского историко-филологического института$v[Разделы] Г - Ж - О _94446906 _aПетербургский историко-филологический институт. Библиотека _cСанкт-Петербург _d1897-1901 _tКаталог Библиотеки Имп. С.-Петербургского историко-филологического института _v[Разделы] Г - Ж - О |
|
| 801 | 0 |
_aRU _bNLR _gpsbo |
|
| 801 | 0 |
_aRU _bRuMoRGB _2psbo |
|
| 801 | 1 |
_aRU _bProSoft-M _2rusmarc |
|
| 852 |
_aNLR _jКрI-1703 |
||
| 852 |
_aNLR _bБ _j9280/П29 |
||
| 899 |
_aRuMoRGB _jR 10/276 |
||
| 899 |
_aRuMoRGB _jV 268/27 |
||
| 899 | _aБАН | ||
| 899 | _aНБ СПбГУ | ||
| 942 | _cBOOK | ||
| 980 | _aNB | ||
| 980 | 1 | _aKRCH | |